00286nam a2200121Ia 4500008004100000100001700041245004300058260002200101300000700123650001000130942000700140999001700147190216s9999||||xx |||||||||||||| ||und|| aKamal Shukla 0aHindi-Sambarka Pet Aur Dasiyara Ke Bet bJagathi Prakashan a56 aHindi cBK c16271d16271